| 000 | 00383nam a2200145Ia 4500 | ||
|---|---|---|---|
| 008 | 230312s9999||||xx |||||||||||||| ||und|| | ||
| 020 | _a978-0521269674 | ||
| 082 |
_a620.001518 _bMOI-F |
||
| 100 | _aMoin;Parviz | ||
| 245 | 0 | _aFundamentals of Engineering Numerical Analysis | |
| 260 |
_bCambridge _aIndia _c2017 |
||
| 300 | _a241 | ||
| 650 |
_aEngineering _vMathematics |
||
| 942 | _cBK | ||
| 999 |
_c14169 _d14169 |
||